| 000 | 00672nam a2200205Ia 4500 | ||
|---|---|---|---|
| 003 | GCL | ||
| 008 | 140319s9999 xx 000 0 ara d | ||
| 040 |
_aGCL / _cGCL |
||
| 082 | 0 | 4 |
_a882 _bم د |
| 100 | 1 | _aمحمد حمدى ابراهيم | |
| 245 | 1 | 0 |
_aدراسة فى نظرية الدراما الاغريقية / _cمحمد حمدى ابراهيم |
| 260 |
_a[S.N] : _bدار الثقافة للنشر والتوزيع ، _c1977 |
||
| 300 | _a217 ص | ||
| 490 | _a | ||
| 650 | 0 | 4 | _aالادب اليونانى |
| 650 | 0 | 4 | _aالمسرح اليونانى |
| 650 | 0 | 4 | _aالمسرحيات اليونانية |
| 650 | 0 | 4 | _aتاريخ ونقد |
| 942 |
_2ddc _cBK |
||
| 999 |
_c31868 _d31868 |
||